000
00256nam a22001217a 4500
008
170302b xxu||||| |||| 00| 0 eng d
041
_a
eng
080
_a
575
100
_a
6
101
_a
SHM
245
_a
FUNGAL GENETICS
_c
FINCHAM, J.R.S
942
_2
udc
_c
BK
999
_c
6627
_d
6627